Statistiques concernant Pokémon - Les attaques de Méditikka

Cliquez ici pour prendre le quiz!

Statistiques générales

  • Ce quiz a été pris 6 fois
  • Le résultat moyen est 9 sur 17

Statistiques - réponses

NiveauxTypesNoms des attaques% Correct
Niveau 9CombatDétection
100%
Niveau 28CombatPied Voltige
100%
Niveau 4PsyYoga
100%
Niveau 36PsyAstuce Force
67%
Niveau 7PsyChoc Mental
67%
Niveau 39CombatContre
67%
Niveau 17CombatForte-Paume
67%
Niveau 23PsyPlénitude
67%
Niveau 44CombatRiposte
67%
Niveau 33NormalAcupression
33%
Niveau 31NormalBoost
33%
Niveau 25NormalLire-Esprit
33%
DépartNormalPatience
33%
Niveau 12NormalTénacité
33%
Niveau 20NormalPuissance Cachée
0%
Niveau 15NormalRuse
0%
Niveau 41NormalSoin
0%

Distribution des résultats

Percentile par nombre de réponses

% des personnes avec chaque résultat

Votre développement - résultats

Vous n’avez pas pris ce quiz